Tintin : les mésaventures des Dupont et Dupond (mort subite) - Statistiques

Statistiques générales
  • Ce quiz a été pris 94 fois
  • Le résultat moyen est 8 sur 15
Answers on the Grid
Answers color-coded by a green-red scale on the quiz's grid according to % correct below.
Ils glissent sur le parquet en sortant de la chambre d'hôpital de Tintin
Ils pensent arrêter Al Capone, mais ce n'est pas lui
Ils donnent une fausse pièce à un serveur
Leur moteur explose
Ils pensent attraper Tintin alors qu'ils sont dans le noir mais c'est Dupont qui tient Dupond
Ils se font kidnapper par le yéti
Ils se prennent une porte dans la figure alors qu'il essayent de rentrer chez Tintin
Ils vont sur la lune malgré eux
Ils s'assoient sur le fauteuil où est assis Milou
L'un des deux pense téléphoner avec un téléphone alors que c'est avec sa canne
Ils freinent brusquement en 2 chevaux , leurs chapeaux cachant leurs yeux
Ils donnent un billet à Carreidas
Ils s'habillent en costume grec croyant que c'est un costume syldave
Ils se font arroser par Haddock qui pense qu'Abdallah lui faisait une farce
Le lit-placard de Tournesol tombe sur eux
Ils tombent d'un quai en poursuivant Tintin
Ils embarquent une valise avec leur canne
Ils rentrent dans un camion avec les 2 chevaux
Ils reçoivent du guano sur leur tête
 
Statistiques - réponses
Réponse % Correct
Leur moteur explose
84%
Ils vont sur la lune malgré eux
82%
Ils pensent attraper Tintin alors qu'ils sont dans le noir mais c'est Dupont qui tient Dupond
81%
Ils glissent sur le parquet en sortant de la chambre d'hôpital de Tintin
74%
L'un des deux pense téléphoner avec un téléphone alors que c'est avec sa canne
53%
Ils s'habillent en costume grec croyant que c'est un costume syldave
51%
Ils embarquent une valise avec leur canne
49%
Ils tombent d'un quai en poursuivant Tintin
46%
Ils se font arroser par Haddock qui pense qu'Abdallah lui faisait une farce
44%
Ils se prennent une porte dans la figure alors qu'il essayent de rentrer chez Tintin
44%
Ils donnent une fausse pièce à un serveur
42%
Ils reçoivent du guano sur leur tête
42%
Ils freinent brusquement en 2 chevaux , leurs chapeaux cachant leurs yeux
40%
Le lit-placard de Tournesol tombe sur eux
40%
Ils rentrent dans un camion avec les 2 chevaux
26%
Aucun quiz correspondant
Distribution des résultats
% des personnes avec chaque résultat
Percentile par nombre de réponses
Votre historique - résultats
Vous n’avez pas pris ce quiz